Top 20 Cities of Turkey on a Map Quiz Stats

 Plays Quiz Updated Aug 2, 2017

Support Sporcle.
Go Orange.
Score 0/20 Timer 07:00
14 Plays Today
% Correct
İstanbul
97.9%
Ankara
96%
İzmir
79.4%
Bursa
68.7%
Antalya
65.5%
Adana
61.7%
Konya
61.5%
Samsun
48.5%
Mersin
48.4%
Gaziantep
45.5%
% Correct
Kayseri
38.5%
İzmit
32.8%
Diyarbakir
30.7%
Denizli
29.4%
Erzurum
29.3%
Eskişehir
28.8%
Malatya
26.8%
Şanlıurfa
22.1%
Adapazarı
16.2%
Kahramanmaraş
15.6%

You're not logged in!

Compare scores with friends on all Sporcle quizzes.
OR
Log In

From the Vault

US Presidents by Cushion

by PrincessMartell

Four score and seven couches ago...
Remove Ads.
Support Sporcle.
Get the best of Sporcle when you Go Orange. This ad-free experience offers more features, more stats, and more fun while also helping to support Sporcle. Thank you for becoming a member.

Show Comments

Extras

Top Quizzes Today


Score Distribution

Your Account Isn't Verified!

In order to create a playlist on Sporcle, you need to verify the email address you used during registration. Go to your Sporcle Settings to finish the process.

Report this User

Report this user for behavior that violates our Community Guidelines.

Details: